Rusko-český slovník 2. P-Ja

Na minha lista:
Detalhes bibliográficos
Formato: Livro
Idioma:idiomas múltiplos
Publicado em: Praha : Státní pedagogické nakladatelství, 1978
Edição:1.vyd.
Assuntos:
Tags: Adicionar Tag
Sem tags, seja o primeiro a adicionar uma tag!

MARC

LEADER 00000nam a22000003a 4500
001 stu41530
005 20150408180435.8
008 931206s1978----cs------------------mul-d
040 |a STU  |b slo 
041 0 |a mul 
044 |a cs 
080 |a 801.323.2=82=850 
245 |a Rusko-český slovník 2. P-Ja 
250 |a 1.vyd. 
260 |a Praha :  |b Státní pedagogické nakladatelství,  |c 1978 
300 |a 694 s 
650 7 |a slovníky rusko české  |2 stusub 
996 |b 284M061259  |c M*1835/2-2  |l MMKN  |s A  |a 24  |w stu41530_0001 
996 |b 284M054577  |c M*1835/2-1  |l MMKN  |s A  |a 24  |w stu41530_0002